000 00406nam a2200169Ia 4500
005 20250305060959.0
008 240331s9999 xx 000 0 und d
082 _bCHA
_26090
_a920
100 _aChandrasekaram, P
245 0 _aCriminalgal Jaakkirathai
260 _aChennai
_bKizhakku Pathippagam
_c2005
300 _a126 p.,
650 _aScience
650 _aExpert
650 _aPhysics
942 _cL
999 _c4714
_d4714